000 00656nam a2200229Ia 4500
003 0100
008 130307s9999 xx 000 0 und d
040 _cARRUPELIB
050 _aPR2823.S3 1937
100 _aSargeaunt, W.D
245 _aMacbeth
245 _ba new interpretation of the text of Shakespeare's play
260 _aLondon
260 _bHeath Cranton Limited
260 _c1937
300 _a208p.
300 _b23 cm.
650 _bWomen - Zimbabwe - Biography
650 _cZimbabwe - History - Chimurenga War, 1966-1980 - Personal narratives
650 _dZimbabwe - history - Chimurenga War, 1966-1980 - Women
942 0 0 _01
999 _c100312
_d100312